| 000 | 00385nam a2200145Ia 4500 | ||
|---|---|---|---|
| 008 | 240624s9999 xx 000 0 und d | ||
| 041 | _aeng | ||
| 082 | _a658.5 KRA | ||
| 100 | _aKRAJEWSKI LEE J | ||
| 245 | _aOPERATIONS MANAGEMENT STRATEGY AND ANALY | ||
| 250 | _a(6th ed.) | ||
| 260 |
_c2003 _aNew Delhi _bPrentice-Hall of India |
||
| 300 | _axxv, : 883 : p. : cm. ; 24 | ||
| 365 | _cRS | ||
| 999 |
_c1667 _d1667 |
||